000 00668nab a2200193 4500
001 244442
003 OSt
005 20240514130537.0
007 tu
008 200917s2020|||||||
040 _aDE-2950
_cDE-2950
245 0 0 _aStadtpolitiker beklagen raues Klima und zerstörter Plakate
_bKommunalwahl. Gewalt gegen Wahlkämpfer gab es in Frankfurt bisher nicht. Doch angespannt ist die Atmosphäre trotzdem/
_cThomas Gutke, Philipp Stepputtis
264 _c2024
653 _aFrankfurt (Oder)
653 _aKommunalwahlen
653 _aWahlplakate
773 0 _g35. Jahrgang (2024) Nr. 109 vom 11.05.2024, S. 15 mit Foto
_tMärkische Oderzeitung
942 _2z
_cA
999 _c373145
_d373145